| 000 | 00773nam a2200241Ia 4500 | ||
|---|---|---|---|
| 008 | 160319s9999 xx 000 0 und d | ||
| 020 | _a9789712723780 | ||
| 050 | _aFil 499.211 | ||
| 050 | _bE78 2010 | ||
| 245 | _aEssays on Philippine language and literature / | ||
| 245 | _cRuth Elynia S. Mabanglo, Rosita G. Galang, editors. | ||
| 260 | _aMandaluyong City : | ||
| 260 | _bAnvil Pub. Inc. | ||
| 260 | _c2010 | ||
| 300 | _axxii, 302 pages : | ||
| 300 | _billustrations ; | ||
| 300 | _c23 cm. | ||
| 500 | _aIn English, and some articles in Tagalog. | ||
| 650 | _aFilipino language -- Study and teaching. | ||
| 650 | _aPhilippine literature -- Study and teaching. | ||
| 700 | _aGalang, Rosita G., editor. | ||
| 700 | _aMabanglo, Ruth Elynia S., editor | ||
| 999 |
_c292348 _d292348 |
||